| 000 | 00572nmm a2200217 a 4500 | ||
|---|---|---|---|
| 003 | AR-X00000XY | ||
| 005 | 20251128211451.0 | ||
| 008 | 047020s2006 ||||||||||||||000 | spa|| | ||
| 020 | _a978-987-21630-7-5 | ||
| 040 | _cAR-X00000XY | ||
| 100 | 1 | _aFarrell, Guillermo | |
| 245 | 1 | 0 | _aMirada desde un exilio |
| 260 |
_aBuenos Aires _bEdiciones Nuevos Tiempos _c2006 |
||
| 300 | 0 | _a174 p. | |
| 650 | 4 | _aDICTADURA | |
| 650 | 4 | _aGOLPES DE ESTADO | |
| 650 | 4 | _aHISTORIA ARGENTINA | |
| 653 | 0 | _aPROCESO DE REORGANIZACION NACIONAL | |
| 942 | _cBK | ||
| 998 | _cna-calidad | ||
| 999 |
_c19775 _d19775 |
||